| 000 | 00662nam a22002057a 4500 | ||
|---|---|---|---|
| 005 | 20161007115816.0 | ||
| 010 | _aENG-116190 | ||
| 020 |
_a9788186038772 _c965.00 |
||
| 020 |
_a8186038779 _c965.00 |
||
| 035 | _aEN-99722 | ||
| 037 | _bDBAD/PUB | ||
| 082 | _a341.247 | ||
| 100 | _aSharma,Suman | ||
| 245 |
_aSouth Asian regionalism : _cby Suman Sharma _bPast trends and present predicament (with focus on SAARC) / |
||
| 260 |
_aDelhi _bShree Kala Prakashan _c2014 |
||
| 270 |
_a42/43,U.B. Jawahar Nagar _bDelhi _e110007 |
||
| 300 |
_axi,250p. _c21cm(Hb) |
||
| 500 | _aIncludes bibliographical references | ||
| 942 |
_2ddc _cEN _h341.247 _mSHA |
||
| 999 |
_c103931 _d103931 |
||